War machine / (Record no. 22478)

000 -LEADER
fixed length control field 01907nam a22003497a 4500
005 - DATE AND TIME OF LATEST TRANSACTION
control field 20260416140113.0
008 - FIXED-LENGTH DATA ELEMENTS--GENERAL INFORMATION
fixed length control field 260415b xxu||||| |||| 00| 0 eng d
040 ## - CATALOGING SOURCE
Transcribing agency Cagayan State University
082 ## - DEWEY DECIMAL CLASSIFICATION NUMBER
Classification number 791.4372
Item number H894
245 ## - TITLE STATEMENT
Title War machine /
Remainder of title
Statement of responsibility, etc directed by Patrick Hughes ; edited by Andy Canny ; produced by Rich Cook, Patrick Hughes, Todd Liebermen, Gregg McLean, Alexander Young ; written by Paul Hughes, James Beaufort.
260 ## - PUBLICATION, DISTRIBUTION, ETC. (IMPRINT)
Place of publication, distribution, etc United States :
Name of publisher, distributor, etc Box Office,
Date of publication, distribution, etc 2026.
300 ## - PHYSICAL DESCRIPTION
Extent 1 videofile, (ca. 106 mins.) :
Other physical details sound, color.
500 ## - GENERAL NOTE
General note Summary derived from IMDb Web site.
520 ## - SUMMARY, ETC.
Summary, etc "Follow the final recruits of a grueling special ops boot camp who encounter a mysterious deadly force. The humid tension of a grueling Ranger selection process dissolves into pure survival horror. Recruit 81 carries the crushing weight of a dead brother into the Georgia wilderness, pushing his physical limits until the sky literally breaks open. This is not a standard training exercise. A towering, mechanical nightmare from another world descends upon the exhausted candidates, turning a test of endurance into a frantic, low-visibility hunt where the military hierarchy shatters against superior, alien technology."—Quill & Camera
521 ## - TARGET AUDIENCE NOTE
Target audience note Rated R for strong violence, grisly images, and language.
546 ## - LANGUAGE NOTE
Language note In English subtitle.
650 ## - SUBJECT ADDED ENTRY--TOPICAL TERM
Topical term or geographic name as entry element Action.
650 ## - SUBJECT ADDED ENTRY--TOPICAL TERM
Topical term or geographic name as entry element Sci-Fi.
650 ## - SUBJECT ADDED ENTRY--TOPICAL TERM
Topical term or geographic name as entry element Thriller.
655 ## - INDEX TERM--GENRE/FORM
Genre/form data or focus term Alien Invasion.
700 ## - ADDED ENTRY--PERSONAL NAME
Personal name Hughes, Paul, director, producer and writer.
700 ## - ADDED ENTRY--PERSONAL NAME
Personal name Canny, Andy, editor.
700 ## - ADDED ENTRY--PERSONAL NAME
Personal name Cook, Rich, producer.
700 ## - ADDED ENTRY--PERSONAL NAME
Personal name Lieberman, Todd, producer.
700 ## - ADDED ENTRY--PERSONAL NAME
Personal name McLean, Greg, producer.
700 ## - ADDED ENTRY--PERSONAL NAME
Personal name Young, Alexander, producer.
700 ## - ADDED ENTRY--PERSONAL NAME
Personal name Beaufort, James, writer.
700 ## - ADDED ENTRY--PERSONAL NAME
Personal name Ritchson, Alan, star.
700 ## - ADDED ENTRY--PERSONAL NAME
Personal name James, Stephan, star.
700 ## - ADDED ENTRY--PERSONAL NAME
Personal name Rchardson, Blake, star.
942 ## - ADDED ENTRY ELEMENTS (KOHA)
Source of classification or shelving scheme
Item type Audio-Visual Materials
Holdings
Source of acquisition Price effective from Permanent location Date last seen Not for loan Date acquired Source of classification or shelving scheme Koha item type Collection code Shelving location Damaged status Lost status Withdrawn status Current location Full call number
Donation2026-04-16Cagayan State University - Carig Library2026-04-16 2026-04-16 Audio-Visual MaterialsElectronic Media CenterAudio Visual   Cagayan State University - Carig Library791.4372 H894

Cagayan State University University Library, Carig Campus
Tuguegarao City, Cagayan 3500 | www.csucarig.edu.ph

Powered by Koha